000 00483nam a22001817a 4500
003 CEME
005 20210628203232.0
008 210122b xxu||||| |||| 00| 0 eng d
020 _a0-471-68194-6
040 _c.
082 _a332.644 COM
100 _aGregoriou, Greg N, Karavas, Vassilios N
_964167
245 _aCommodity trading advisors
260 _aNEW YORK
_bJOHN WILEY
_c2004
300 _aXXIII,425 P
650 _aCOMMODITY TRADING ADVISORS
_964168
942 _cBK
_2ddc
999 _c572761
_d572761